Chiến lược và chính sách môi trường

Gespeichert in:
Bibliographische Detailangaben
1. Verfasser: Lê Văn Khoa
Format: Buch
Sprache:Vietnamese
Veröffentlicht: Đại học Quốc gia Hà Nội 2000
Tags: Tag hinzufügen
Keine Tags, Fügen Sie den ersten Tag hinzu!
Thư viện lưu trữ: Mạng thư viện Đại học Đà Nẵng
LEADER 00695nam a2200253 4500
001 000021273
003 17720
005 20150416140414.0
008 150416s2000 viesd
020 |c 22000 
041 0 |a vie 
082 1 4 |a 363.7  |b LÊ-K 
100 1 |a Lê Văn Khoa 
245 1 0 |a Chiến lược và chính sách môi trường  |c Lê Văn Khoa, Nguyễn Ngọc Sinh, Nguyễn Tiến Dũng. 
260 |b Đại học Quốc gia Hà Nội  |c 2000 
300 |a tr.  |c cm. 
OWN |a LSP 
999 |a From the UDN01 
TYP |a Monograph 
TYP |a Printed language 
980 |a Mạng thư viện Đại học Đà Nẵng